| 000 | 00741cam a22002291 4500 | ||
|---|---|---|---|
| 001 | ca 35000768 | ||
| 003 | DLC | ||
| 005 | 20260227111138.0 | ||
| 008 | 790828s1929 mau 000 0 eng | ||
| 010 | _aca 35000768 | ||
| 035 | _a(OCoLC)5318830 | ||
| 040 |
_aDLC _cRPB _dDLC |
||
| 042 | _apremarc | ||
| 050 | 0 | 0 |
_aPN4305.M6 _bF685 |
| 082 | _a815.5 | ||
| 100 | 1 | _aFortenbacher, Olive White. | |
| 245 | 1 | 4 |
_aThe coming of Peter Piper, _ba contest selection, arranged from Christine Whiting Parmenter's story of the same name, _cby Olive White Fortenbacher. |
| 260 |
_aBoston, _bWalter H. Baker Company _c[c1929] |
||
| 300 |
_a7 p. _c20 cm. |
||
| 440 | 0 | _aBaker's manuscript readings | |
| 700 | 1 |
_aParmenter, Christine Whiting, _d1877-1953. |
|
| 999 |
_c17891 _d17891 |
||